BIBLIOTECA

SENCICO

Elaboración de una base de datos mediante el uso de un sig para un inventario urbano del arbolado en la avenida Ruiseñores, Parque Lampa y Parque Parodi (Santa Anita - Lima) / (Registro nro. 4172)

Detalles MARC
000 -LEADER
fixed length control field 01282nam a22002777a 4500
003 - CONTROL NUMBER IDENTIFIER
control field PE SENCICO BE
005 - DATE AND TIME OF LATEST TRANSACTION
control field 20251020182637.0
008 - FIXED-LENGTH DATA ELEMENTS--GENERAL INFORMATION
fixed length control field 230601b |||||||| |||| 00| 0 eng d
040 ## - CATALOGING SOURCE
Original cataloging agency PE SENCICO BE
Transcribing agency PE SENCICO BE
041 ## - LANGUAGE CODE
Language code of text/sound track or separate title spa
084 ## - OTHER CLASSIFICATION NUMBER
Classification number I
-- GEO
-- 2016
Item number H82
100 1# - MAIN ENTRY--PERSONAL NAME
9 (RLIN) 1086
Personal name Huamaní Unoc, Johnny Fortunato
Relator term autor
245 1# - TITLE STATEMENT
Title Elaboración de una base de datos mediante el uso de un sig para un inventario urbano del arbolado en la avenida Ruiseñores, Parque Lampa y Parque Parodi (Santa Anita - Lima) /
Statement of responsibility, etc. Johnny Fortunato Huamaní Unoc
260 ## - PUBLICATION, DISTRIBUTION, ETC.
Place of publication, distribution, etc. Lima :
Date of publication, distribution, etc. 2016
300 ## - PHYSICAL DESCRIPTION
Extent 90 h. :
Other physical details diagrs., tabls.,
Dimensions 29 cm.
502 ## - DISSERTATION NOTE
Dissertation note Monografía de Titulación.-- Servicio Nacional de Capacitación para la Industria de la Construcción. Escuela Superior Técnica. Carrera Profesional Técnica en Geomática, 2016.
504 ## - BIBLIOGRAPHY, ETC. NOTE
Bibliography, etc. note Referencias bibliográficas: h. 76-79.
650 10 - SUBJECT ADDED ENTRY--TOPICAL TERM
Topical term or geographic name entry element Sistemas de Información Geográfica (SIG)
9 (RLIN) 125
650 24 - SUBJECT ADDED ENTRY--TOPICAL TERM
9 (RLIN) 1071
Topical term or geographic name entry element Geomática
650 24 - SUBJECT ADDED ENTRY--TOPICAL TERM
9 (RLIN) 1087
Topical term or geographic name entry element Sistemas de información
650 24 - SUBJECT ADDED ENTRY--TOPICAL TERM
9 (RLIN) 1088
Topical term or geographic name entry element Tecnología de la información
650 24 - SUBJECT ADDED ENTRY--TOPICAL TERM
9 (RLIN) 1089
Topical term or geographic name entry element Arboles
710 1# - ADDED ENTRY--CORPORATE NAME
Corporate name or jurisdiction name as entry element Servicio Nacional de Capacitación para la Industria de la Construcción.
Subordinate unit Escuela Superior Técnica
9 (RLIN) 1065
910 ## - USER-OPTION DATA (OCLC)
-- hfp
-- hfp
942 ## - ADDED ENTRY ELEMENTS (KOHA)
Koha item type Monografía de Titulación
Source of classification or shelving scheme Dewey Decimal Classification
Existencias
Fecha de la última vez que lo usaron Número de ingreso o de inventario Pago total Signatura topográfica completa Precio efectivo desde Tipo de documento Estado perdido Sistema de clasificación Estado dañado No es para préstamo Retirado Ubicación permanente Ubicación actual Fecha de adquisición
01/06/2023 I-00006   I/GEO/2016/H82 01/06/2023 Monografía de Titulación   Dewey Decimal Classification       Biblioteca Central Lima Biblioteca Central Lima 01/06/2023